000 01197nam0a22003011 4500
001 v19\rc\1530139
005 20250618174516.0
035 _a(NLR Aleph) 004650501
090 _a3415613
_c3415613
100 _a20060620d1903 |||y0rusy50 ca
101 0 _arus
102 _aRU
105 _ay z |||||
200 1 _aСинтаксис русского языка
_eС необходимым материалом для упражнений в синтаксич. разборе и употреблении знаков препинания
_fСост. П. Красногорский
205 _a6-е изд., испр. и доп.
210 _aСанкт-Петербург
_cтип. Спб. акц. общ. печ. и писчеб. дела "Слово"
_d1903
215 _aVIII, 110 с.
_d21
517 0 _aСинтаксис русского языка
700 1 _aКрасногорский
_bП.В.
_gПлатон Васильевич
_4220
801 0 _aRU
_bNLR
_gpsbo
801 0 _aRU
_bRuMoRGB
_2psbo
801 1 _aRU
_bProSoft-M
_2rusmarc
852 _aNLR
_j38.45.6.15
899 _aRuMoRGB
_jT 34/2112
899 _aRuMoRGB
_jT 41/363
899 _aБАН
942 _cBOOK
980 _aNB